MARC details
| 000 -LEADER |
| fixed length control field |
01883 a2200385 4500 |
| 001 - CONTROL NUMBER |
| control field |
200423287 |
| 003 - CONTROL NUMBER IDENTIFIER |
| control field |
TR-AnTOB |
| 005 - DATE AND TIME OF LATEST TRANSACTION |
| control field |
20260306162013.0 |
| 007 - PHYSICAL DESCRIPTION FIXED FIELD--GENERAL INFORMATION |
| fixed length control field |
ta |
| 008 - FIXED-LENGTH DATA ELEMENTS--GENERAL INFORMATION |
| fixed length control field |
151201s2015 tu 000 0 |
| 020 ## - INTERNATIONAL STANDARD BOOK NUMBER |
| International Standard Book Number |
9789751626066 |
| 040 ## - CATALOGING SOURCE |
| Original cataloging agency |
TR-AnTOB |
| Language of cataloging |
eng |
| Description conventions |
rda |
| Transcribing agency |
TR-AnTOB |
| 041 0# - LANGUAGE CODE |
| Language code of text/sound track or separate title |
Türkçe |
| 050 00 - LIBRARY OF CONGRESS CALL NUMBER |
| Classification number |
LC2252 |
| Item number |
.E66 2013 |
| 090 ## - LOCALLY ASSIGNED LC-TYPE CALL NUMBER (OCLC); LOCAL CALL NUMBER (RLIN) |
| Classification number (OCLC) (R) ; Classification number, CALL (RLIN) (NR) |
LC2252 .E66 2013 |
| 100 ## - MAIN ENTRY--PERSONAL NAME |
| Personal name |
Erdem, Yasemin Tümer |
| Relator term |
author |
| 9 (RLIN) |
110418 |
| 245 10 - TITLE STATEMENT |
| Title |
II. Meşrutiyet'ten Cumhuriyet'e kızların eğitimi / |
| Statement of responsibility, etc. |
Yasemin Tümer Erdem. |
| 264 #1 - PRODUCTION, PUBLICATION, DISTRIBUTION, MANUFACTURE, AND COPYRIGHT NOTICE |
| Place of production, publication, distribution, manufacture |
Ankara : |
| Name of producer, publisher, distributor, manufacturer |
Türk Tarih Kurumu, |
| Date of production, publication, distribution, manufacture, or copyright notice |
2013. |
|
| Name of producer, publisher, distributor, manufacturer |
, |
| Date of production, publication, distribution, manufacture, or copyright notice |
©2013 |
| 300 ## - PHYSICAL DESCRIPTION |
| Extent |
xvi, 509 pages : |
| Other physical details |
tables. |
| Dimensions |
21 cm. |
| 336 ## - CONTENT TYPE |
| Content type term |
text |
| Content type code |
txt |
| Source |
rdacontent |
| 337 ## - MEDIA TYPE |
| Media type term |
unmediated |
| Media type code |
n |
| Source |
rdamedia |
| 338 ## - CARRIER TYPE |
| Carrier type term |
volume |
| Carrier type code |
nc |
| Source |
rdacarrier |
| 490 0# - SERIES STATEMENT |
| Series statement |
Türk Tarih Kurumu ; |
| Volume/sequential designation |
sayı: 1 |
| 500 ## - GENERAL NOTE |
| General note |
"Donated by Halil İnalcık." |
| 504 ## - BIBLIOGRAPHY, ETC. NOTE |
| Bibliography, etc. note |
Includes bibliographical references. |
| 505 ## - FORMATTED CONTENTS NOTE |
| Formatted contents note |
Part I. II. Meşrutiyet Dönemi'nde Kadının Eğitimi Hakkında Tartışmalar I. Fikir Akımlarına Kısa Bir Bakış ve Bu Akımlara Göre Kadın Eğitimi -- II. Eğitimcilere Göre Kadın Eğitimi -- III. Edebî Eserlerde Kadın Eğitimi -- IV. Basında Kadın Eğitimi Tartışmaları Part II. İlköğretim I. Sıbyan Mektepleri ve İbtidaîler -- II. İnas Rüşdiyeleri Part III. Ortaöğretim I. Kız Sanayi Mektepleri -- II. İnas İdadisi -- III. İnas Sultanileri Part IV. Kız Okullarına Öğretmen Yetiştiren Kurum: Darülmuallimât Part V. Yüksek Öğretim I. İnas Darülfünunu -- II. İnas Sanayi-i Nefise Mektebi |
| 650 00 - SUBJECT ADDED ENTRY--TOPICAL TERM |
| Topical term or geographic name entry element |
Women |
| General subdivision |
Education |
| Geographic subdivision |
Turkey |
| General subdivision |
History |
| Chronological subdivision |
20th century |
| 9 (RLIN) |
110420 |
|
| Topical term or geographic name entry element |
Kadınlar |
| General subdivision |
Eğitim |
| Geographic subdivision |
Türkiye |
| General subdivision |
Tarih |
| Chronological subdivision |
20. yüzyıl |
| 9 (RLIN) |
110421 |
|
| Topical term or geographic name entry element |
Women |
| Geographic subdivision |
Turkey |
| General subdivision |
Social conditions |
| 9 (RLIN) |
76037 |
|
| Topical term or geographic name entry element |
Kadınlar |
| Geographic subdivision |
Türkiye |
| General subdivision |
Sosyal durum |
| Source of heading or term |
etuturkob |
| 9 (RLIN) |
8192 |
| 700 1# - ADDED ENTRY--PERSONAL NAME |
| Personal name |
Arığ, Ayten Sezer |
| 9 (RLIN) |
110419 |
| 942 ## - ADDED ENTRY ELEMENTS (KOHA) |
| Koha item type |
Book |
| Source of classification or shelving scheme |
Library of Congress Classification |